000 02836nam0a2200445 4500
001 RU\NLR\bibl\1992666
005 20250616211933.0
021 _aRU
_b0321202497
035 _a(NLR Aleph) 001981158
090 _a4092372
_c4092372
100 _a20120823d2012 |||y0rusy50 ca
101 0 _arus
102 _aRU
106 _as
200 1 _aАнализ ключевых организационно-экономических показателей наукоемкого инженерно-технического проекта
_bЭлектронный ресурс
_e[к сб. в целом] методические указания к выполнению организационно-экономической части дипломного проекта
_eэлектронное учебное издание
_fМощелкова В. Ю.
_gМГТУ им. Н.Э. Баумана, Факультет "Инженерный бизнес и менеджмент", Кафедра "Менеджмент"
210 _aМосква
_cМГТУ им. Н. Э. Баумана
_d2012
215 _a1 CD-R
_d12
230 _aТекстовое (символьное) электронное издание (1.23 Мб)
300 _aЗагл. с титул. экрана
337 _aСистемные требования: Pentium ; 128 Mb ; Windows 2000/XP : MS Internet Explorer
606 1 _aДипломное проектирование
_jУчебно-методические пособия для высших учебных заведений
_xВысшая школа
_92495361
_3RU\NLR\auth\661480330
606 1 _aАэрокосмическая промышленность
_jУчебно-методические пособия для высших учебных заведений
_yРоссийская Федерация
_92187226
_3RU\NLR\AUTH\661314999
606 1 _aНаукоемкая продукция
_jУчебно-методические пособия для высших учебных заведений
_xКонкурентоспособность
_92344649
_3RU\NLR\auth\661401216
610 0 _aанализ
610 0 _aорганизационно-экономические показатели
610 0 _aинженерно-технический проект
675 _a658.1(075.8)
_v3
675 _a378.1(075.8)
_v3
686 _a06.81.19
_2grnti
686 0 _aЧ481.254.5я73
686 0 _aУ30(2)585.152.76я73
686 0 _aУ9(2)-823.2я73
700 1 _aМощелкова
_bВ. Ю.
_gВалентина Юрьевна
801 0 _aRU
_bНТЦ Информрегистр
_c20120823
_grcr
801 1 _aRU
_bНТЦ Информрегистр
_c20120823
801 2 _aRU
_bNLR
_c20130128
_grcr
942 _cBOOK
980 _aNB